000 00910nam a22002411 4500
001 114408
003 ES-MaACL
005 20250814001034.0
007 t|
008 070227s1968 sp ||||0| spa d
016 7 _zIND9900845965
040 _aM-BN
_bspa
_cCDM
080 _a617.3(063)
080 _a616-001(063)
110 2 _aSociedad Española de Cirugía Ortopédica y Traumatología.
_bCongreso Nacional
_n(12º.
_d1968.
_cZaragoza)
_96718
245 1 0 _aPublicaciones del XII Congreso Nacional de la Sociedad Española de Cirugía Ortopédica y Traumatología, S. O. C. O. T
_b: Zaragoza, 30 septiembre, 1-2 octubre 1968.
260 _a[Barcelona :
_b[s.n.],
_c1968]
300 _a232 p., 1 h ;
_c24 cm.
650 1 4 _aTraumatología-
_vCongresos y asambleas.
_917644
650 1 4 _aOrtopedia-
_vCongresos y asambleas.
_915777
852 _aES-MaACL
_jC-46690
_bR.67658
999 _c114408
_d114408